<?xml version="1.0" encoding="UTF-8"?>
<marc:record xmlns:marc="http://www.loc.gov/MARC21/slim">
   <marc:leader>00000nam a2200000 a 4500</marc:leader>
   <marc:datafield ind1="1" ind2=" " tag="100">
      <marc:subfield code="a">Hassel, Holger</marc:subfield>
      <marc:subfield code="4">aut</marc:subfield>
      <marc:subfield code="e">Verfasser/-in</marc:subfield>
   </marc:datafield>
   <marc:datafield ind1="1" ind2=" " tag="100">
      <marc:subfield code="a">Rösch, Ruth</marc:subfield>
      <marc:subfield code="4">aut</marc:subfield>
      <marc:subfield code="e">Verfasser/-in</marc:subfield>
   </marc:datafield>
   <marc:datafield ind1=" " ind2=" " tag="653">
      <marc:subfield code="a">Softcover</marc:subfield>
   </marc:datafield>
   <marc:datafield ind1=" " ind2=" " tag="653">
      <marc:subfield code="a">Karte</marc:subfield>
   </marc:datafield>
   <marc:datafield ind1=" " ind2=" " tag="653">
      <marc:subfield code="a">Lernen / Unterrichtsmaterialien f. Lehrer</marc:subfield>
   </marc:datafield>
   <marc:datafield ind1="0" ind2="0" tag="245">
      <marc:subfield code="a">Schlankheitsideal</marc:subfield>
   </marc:datafield>
   <marc:datafield ind1="0" ind2="0" tag="245">
      <marc:subfield code="b">Baustein für einen schüler- und handlungsorientierten Unterricht in der 7. bis 10. Klasse</marc:subfield>
   </marc:datafield>
   <marc:datafield ind1="0" ind2="0" tag="245">
      <marc:subfield code="c">Text: Holger Hassel ; Ruth Rösch]. Aid. [Hrsg. vom Aid-Infodienst Verbraucherschutz, Ernährung, Landwirtschaft e.V.</marc:subfield>
   </marc:datafield>
   <marc:datafield ind1=" " ind2="1" tag="264">
      <marc:subfield code="a">Bonn</marc:subfield>
      <marc:subfield code="b">AID</marc:subfield>
      <marc:subfield code="c">2005</marc:subfield>
   </marc:datafield>
   <marc:datafield ind1="1" ind2=" " tag="490">
      <marc:subfield code="a">AID</marc:subfield>
      <marc:subfield code="v">3540</marc:subfield>
   </marc:datafield>
   <marc:datafield ind1=" " ind2=" " tag="250">
      <marc:subfield code="a">4., überarb. Aufl.</marc:subfield>
   </marc:datafield>
   <marc:datafield ind1="1" ind2=" " tag="520">
      <marc:subfield code="a">Wer schlank ist, gilt automatisch als schön, attraktiv und leistungsfähig. Kein Wunder, wenn so viele Jugendliche um jeden Preis schlank sein wollen. Der aid-Baustein Schlankheitsideal richtet sich an Lehrer, Berater und Erzieher, die aktiv Gesundheitförderung im Bereich Ernährung betreiben. Gefördert werden soll ein Essverhalten, das sich am Bedarf und an den Bedürfnissen von Jugendlichen orientiert und nicht an imaginären Idealen. Jugendliche sollen das verbreitete Schlankheitsideal weniger verbindlich erleben. Sie sollen Möglichkeiten zur Unterstützung der eigenen Körperzufriedenheit erfahren und Massnahmen zur Beeinflussung der eigenen Figur erkennen. Der 64-seitige Baustein enthält Hintergrundinformationen für die Unterrichtsvorbereitung, einen Ablaufplan für den Unterricht, eine genaue Beschreibung von 18 Methoden und Übungen, Kopiervorlagen für Schülerarbeitsblätter und eine beispielhafte Projektskizze.</marc:subfield>
   </marc:datafield>
   <marc:datafield ind1=" " ind2=" " tag="020">
      <marc:subfield code="a">9783830804840</marc:subfield>
      <marc:subfield code="9">9783830804840</marc:subfield>
   </marc:datafield>
   <marc:datafield ind1=" " ind2=" " tag="020">
      <marc:subfield code="a">3830804849</marc:subfield>
      <marc:subfield code="9">3830804849</marc:subfield>
   </marc:datafield>
   <marc:datafield ind1=" " ind2=" " tag="041">
      <marc:subfield code="a">ger</marc:subfield>
   </marc:datafield>
   <marc:datafield ind1=" " ind2=" " tag="300">
      <marc:subfield code="a">50 S.</marc:subfield>
   </marc:datafield>
</marc:record>
